[Event "HZ Chess Tournament 2024"]
[Site "Vlissingen, Netherlands"]
[Date "2024.08.04"]
[Round "3.28"]
[White "Brehme, Ralf-Peter"]
[Black "Timmermans, Ivo"]
[Result "1/2-1/2"]
[WhiteElo "1952"]
[BlackElo "2143"]
[PlyCount "105"]

1. f4 d5 2. Nf3 g6 3. g3 Bg7 4. Bg2 c6 5. a4 a5 6. Na3 Nh6 7. O-O O-O 8. Qe1
Nd7 9. d4 Nf5 10. e3 Nd6 11. Ne5 Nb6 12. b3 f6 13. Nd3 Bf5 14. Bb2 Be4 15. Nc5
Bxg2 16. Kxg2 Qc8 17. Bc3 Ne4 18. Bxa5 Nxc5 19. Bxb6 Ne4 20. c4 Qd7 21. a5 e5
22. Rd1 exf4 23. exf4 Rfe8 24. Qe3 Re7 25. Qf3 Rae8 26. Nc2 h5 27. Bc5 Re6 28.
f5 gxf5 29. Qxh5 Nxc5 30. dxc5 Re2+ 31. Rf2 Qe6 32. Kf1 Rxf2+ 33. Kxf2 Qe4 34.
Nd4 f4 35. cxd5 cxd5 36. Qf3 fxg3+ 37. hxg3 Qe5 38. Nf5 d4 39. Nxg7 Kxg7 40.
Qxb7+ Re7 41. Qf3 Qxc5 42. Qg4+ Kf8 43. Qxd4 Qxa5 44. Qd8+ Qxd8 45. Rxd8+ Kg7
46. b4 Re4 47. b5 Rb4 48. Rd5 Kg6 49. Kf3 Rb3+ 50. Kf4 Rb4+ 51. Kf3 Rb3+ 52.
Kf4 Rb4+ 53. Kf3 1/2-1/2

[Event "HZ Chess Tournament 2024"]
[Site "Vlissingen, Netherlands"]
[Date "2024.08.04"]
[Round "3.29"]
[White "Schuil, Jeroen"]
[Black "Abrahams, Daniel"]
[Result "1-0"]
[WhiteElo "1949"]
[BlackElo "2139"]
[PlyCount "33"]

1. d4 Nf6 2. c4 e6 3. Nc3 d5 4. cxd5 exd5 5. Bg5 c6 6. e3 Be7 7. Bd3 Nbd7 8.
Qc2 Nf8 9. Nge2 Ne6 10. Bxf6 Bxf6 11. b4 a6 12. O-O g6 13. Na4 O-O 14. Nc5 Ng7
15. a4 Bf5 16. Nxb7 Qb6 17. Nc5 1-0

[Event "HZ Chess Tournament 2024"]
[Site "Vlissingen, Netherlands"]
[Date "2024.08.04"]
[Round "3.30"]
[White "De Rycke, Tyani"]
[Black "Morgenthaler, Nick"]
[Result "1-0"]
[WhiteElo "2122"]
[BlackElo "1958"]
[PlyCount "95"]

1. e4 e6 2. d4 d5 3. exd5 exd5 4. Bd3 Bd6 5. Nf3 Ne7 6. h3 Bf5 7. O-O O-O 8.
Nc3 Bxd3 9. Qxd3 Nbc6 10. Ng5 g6 11. a3 Qd7 12. Nf3 Qf5 13. Qxf5 Nxf5 14. Rd1
Nce7 15. Nb5 c6 16. Nxd6 Nxd6 17. Bf4 Rad8 18. Ne5 f6 19. Nd3 Kf7 20. a4 g5 21.
Bh2 a5 22. f4 Ne4 23. fxg5 Nxg5 24. Bc7 Rde8 25. Rf1 Rg8 26. Kh2 Ne4 27. Bxa5
Rg5 28. Bc7 Reg8 29. Ne1 Nf5 30. Bf4 R5g6 31. Rd1 Nfg3 32. Bxg3 Rxg3 33. Rf3
R3g6 34. Rb3 Nd6 35. Rd2 Ra8 36. Rb4 Ne4 37. Rxb7+ Kg8 38. Rd3 Re8 39. Re3 Ra8
40. Rc7 f5 41. Ra3 Nd2 42. Nf3 Nc4 43. Rb3 Re6 44. Rbb7 Re2 45. Rg7+ Kh8 46.
Rxh7+ Kg8 47. Rhg7+ Kh8 48. Nh4 1-0

[Event "HZ Chess Tournament 2024"]
[Site "Vlissingen, Netherlands"]
[Date "2024.08.04"]
[Round "3.31"]
[White "Hirzel, Cedric"]
[Black "Hummel, Dick"]
[Result "1-0"]
[WhiteElo "2116"]
[BlackElo "1945"]
[PlyCount "85"]

1. d4 d6 2. e4 Nf6 3. Nc3 g6 4. Nf3 Bg4 5. Bc4 Nc6 6. Be3 Bg7 7. h3 Bxf3 8.
Qxf3 O-O 9. O-O-O Na5 10. Be2 Nd7 11. h4 c5 12. h5 cxd4 13. Bxd4 Bxd4 14. Rxd4
Nc6 15. Rd2 Rc8 16. hxg6 fxg6 17. Qh3 Nf6 18. Nd5 h5 19. Nf4 Qa5 20. Qb3+ Kh7
21. Ne6 Nxe4 22. Rd5 Qb4 23. Qd3 Rf6 24. Qxe4 Qxe4 25. Ng5+ Kg7 26. Nxe4 Rf4
27. f3 Nb4 28. Rd2 Nxa2+ 29. Kb1 Nb4 30. Re1 Rf5 31. Bd3 Re5 32. Ree2 Nd5 33.
Nf2 Ne3 34. f4 Re6 35. Nd1 Nf1 36. Rxe6 Nxd2+ 37. Ka2 Rc5 38. b3 Kf7 39. Re3 d5
40. Kb2 a5 41. Re5 b5 42. Nc3 e6 43. Nxb5 1-0

[Event "HZ Chess Tournament 2024"]
[Site "Vlissingen, Netherlands"]
[Date "2024.08.04"]
[Round "3.32"]
[White "De Zwart, Johan"]
[Black "Manshanden, Nick"]
[Result "1/2-1/2"]
[WhiteElo "1945"]
[BlackElo "2114"]
[PlyCount "101"]

1. e4 e5 2. Nf3 Nc6 3. Bb5 a6 4. Ba4 Nf6 5. d3 d6 6. c3 g6 7. Nbd2 Bg7 8. O-O
O-O 9. Re1 Nh5 10. Nf1 Kh8 11. d4 exd4 12. Nxd4 Nxd4 13. cxd4 b5 14. Bc2 Bb7
15. Be3 Qe7 16. f3 f5 17. exf5 gxf5 18. Bh6 Qf6 19. Bxg7+ Qxg7 20. Kh1 Rg8 21.
Ne3 f4 22. Ng4 Nf6 23. Qd2 Nxg4 24. fxg4 Qxg4 25. Be4 Bxe4 26. Rxe4 Raf8 27.
Rf1 Qg6 28. Qe2 Qg5 29. h3 Rf6 30. Re8 Rfg6 31. Rxg8+ Rxg8 32. Qe4 Rf8 33. Rf3
c5 34. dxc5 dxc5 35. Rd3 Qg7 36. b3 Rg8 37. Rd2 Rf8 38. Rd3 h6 39. Qe6 f3 40.
Rxf3 Rxf3 41. gxf3 Qa1+ 42. Kg2 Qxa2+ 43. Kg3 Qb2 44. Qxh6+ Kg8 45. Qe6+ Kf8
46. Qf5+ Kg8 47. Qe6+ Kg7 48. Qe7+ Kg6 49. Qe8+ Kh6 50. Qe6+ Kh7 51. Qe4+
1/2-1/2

[Event "HZ Chess Tournament 2024"]
[Site "Vlissingen, Netherlands"]
[Date "2024.08.04"]
[Round "3.33"]
[White "Van Gemert, Rogier"]
[Black "Lacrosse, Marc"]
[Result "1/2-1/2"]
[WhiteElo "1945"]
[BlackElo "2112"]
[PlyCount "79"]

1. d4 d5 2. Bf4 c5 3. c3 Nc6 4. e3 Nf6 5. Bd3 Qb6 6. Qc1 e6 7. Nf3 Be7 8. Nbd2
Bd7 9. h3 Rc8 10. Qb1 Qd8 11. a4 a5 12. O-O O-O 13. Ne5 h6 14. Qd1 Be8 15. Qe2
Bd6 16. Nxc6 Bxc6 17. Bxd6 Qxd6 18. Nf3 Nd7 19. Rfd1 e5 20. dxe5 Nxe5 21. Nxe5
Qxe5 22. Bb5 Rfd8 23. Bxc6 bxc6 24. Qa6 Qc7 25. Qe2 Rb8 26. Qc2 Qe5 27. Rab1
Rd6 28. b3 Rg6 29. Qd3 Qg5 30. Qf1 Qf5 31. Kh1 Qe4 32. Kg1 Re8 33. c4 Re5 34.
cxd5 cxd5 35. g3 Qf3 36. Qg2 Qf5 37. Rb2 Rb6 38. Rbd2 Rxb3 39. Rxd5 Rxd5 40.
Qxd5 1/2-1/2

[Event "HZ Chess Tournament 2024"]
[Site "Vlissingen, Netherlands"]
[Date "2024.08.04"]
[Round "3.34"]
[White "Van Gool, Henk"]
[Black "Kalle, Erwin"]
[Result "1-0"]
[WhiteElo "2172"]
[BlackElo "1998"]
[PlyCount "49"]

1. c4 Nf6 2. Nc3 g6 3. Nf3 Bg7 4. d4 d5 5. cxd5 Nxd5 6. Qb3 Nb6 7. Bf4 Be6 8.
Qc2 Nc6 9. e3 O-O 10. a3 Na5 11. Bd3 Bb3 12. Qe2 c6 13. Rc1 Re8 14. Ne4 Na4 15.
O-O b6 16. Ned2 Qd7 17. Nxb3 Nxb3 18. Rc2 Rad8 19. Bc4 Na5 20. Ba2 b5 21. Be5
Qf5 22. Bxg7 Kxg7 23. Ne5 c5 24. e4 Qf6 25. Qxb5 1-0

[Event "HZ Chess Tournament 2024"]
[Site "Vlissingen, Netherlands"]
[Date "2024.08.04"]
[Round "3.35"]
[White "Nieuwelink, Kees"]
[Black "Van Gestel, Sjef"]
[Result "1-0"]
[WhiteElo "2084"]
[BlackElo "1823"]
[PlyCount "47"]

1. e4 c5 2. Nf3 Nc6 3. d4 cxd4 4. Nxd4 g6 5. Nc3 Bg7 6. Be3 Nf6 7. Nxc6 bxc6 8.
e5 Ng8 9. Bd4 Qa5 10. f4 Nh6 11. e6 O-O 12. Bxg7 Kxg7 13. exd7 Bb7 14. Qd4+ Kg8
15. O-O-O Nf5 16. Qe5 Qxe5 17. fxe5 a6 18. Na4 Ne3 19. Rd2 Rfd8 20. Nc5 Ra7 21.
e6 Ba8 22. Bxa6 fxe6 23. a3 Nd5 24. Bc8 1-0

[Event "HZ Chess Tournament 2024"]
[Site "Vlissingen, Netherlands"]
[Date "2024.08.04"]
[Round "3.36"]
[White "Galle, Andre"]
[Black "Romkes, Abel"]
[Result "1/2-1/2"]
[WhiteElo "1942"]
[BlackElo "2078"]
[PlyCount "38"]

1. d4 Nf6 2. c4 e6 3. Nc3 Bb4 4. Qc2 O-O 5. Nf3 d5 6. cxd5 exd5 7. Bg5 h6 8.
Bh4 c5 9. e3 cxd4 10. Nxd4 Nc6 11. Nxc6 bxc6 12. Be2 g5 13. Bg3 Ne4 14. O-O
Nxg3 15. hxg3 Qf6 16. Rac1 Bf5 17. Bd3 Bxd3 18. Qxd3 h5 19. a3 Bxc3 1/2-1/2

[Event "HZ Chess Tournament 2024"]
[Site "Vlissingen, Netherlands"]
[Date "2024.08.04"]
[Round "3.38"]
[White "Sleeckx, Alexander"]
[Black "De Jong, Migchiel"]
[Result "0-1"]
[WhiteElo "1934"]
[BlackElo "2295"]
[PlyCount "52"]

1. e4 e6 2. d4 d5 3. Nc3 Bb4 4. e5 c5 5. a3 Bxc3+ 6. bxc3 Qc7 7. h4 Ne7 8. h5
h6 9. Rb1 Nbc6 10. Qg4 Rg8 11. Bd3 c4 12. Be2 Bd7 13. Nf3 O-O-O 14. Kf1 Qa5 15.
Bd2 Qxa3 16. g3 Qa4 17. Rc1 Rdf8 18. Kg2 f6 19. Qh4 Nf5 20. Qf4 fxe5 21. dxe5
Nfd4 22. Ra1 Qxa1 23. Qxf8+ Rxf8 24. Rxa1 Nxe2 25. Re1 Be8 26. Rxe2 Bxh5 0-1

[Event "HZ Chess Tournament 2024"]
[Site "Vlissingen, Netherlands"]
[Date "2024.08.04"]
[Round "3.39"]
[White "Van den Hoogen, Arie"]
[Black "Krause, Thomas"]
[Result "0-1"]
[WhiteElo "1915"]
[BlackElo "2144"]
[PlyCount "104"]

1. e4 g6 2. d4 Bg7 3. f4 d5 4. e5 Nh6 5. Nf3 O-O 6. Bd3 c5 7. O-O cxd4 8. Nxd4
Qb6 9. c3 f6 10. Qb3 fxe5 11. Qxb6 axb6 12. fxe5 Rxf1+ 13. Kxf1 Ng4 14. h3 Nxe5
15. Be2 Bd7 16. Be3 Na6 17. Nd2 Nc5 18. a3 Rc8 19. N2f3 Nf7 20. Nc2 Na4 21. Nb4
e6 22. Rb1 Kf8 23. Ng5 Nxg5 24. Bxg5 h6 25. Be3 Ke7 26. Bd3 g5 27. Ke2 Kd6 28.
Kd2 e5 29. Bc2 Nc5 30. Rd1 Ke6 31. g4 e4 32. Kc1 Bc6 33. Rf1 Rf8 34. Rxf8 Bxf8
35. Bd4 Bb5 36. Bd1 Bf1 37. Nc2 Nb3+ 38. Kb1 Bxh3 39. Bxb6 Bf1 40. Ne3 Bd3+ 41.
Bc2 Nc5 42. Nf5 Bxc2+ 43. Kxc2 Nd7 44. Bd4 h5 45. Ne3 h4 46. b4 Bd6 47. a4 h3
48. Nf1 h2 49. Nxh2 Bxh2 50. a5 Bc7 51. Be3 Kf6 52. Bd4+ Kg6 0-1

[Event "HZ Chess Tournament 2024"]
[Site "Vlissingen, Netherlands"]
[Date "2024.08.04"]
[Round "3.40"]
[White "Karacsonyi, Bank"]
[Black "Wagenvoorde, Guido"]
[Result "1/2-1/2"]
[WhiteElo "1913"]
[BlackElo "2108"]
[PlyCount "102"]

1. e4 c5 2. Nf3 e6 3. d4 cxd4 4. Nxd4 Nc6 5. Nc3 Qc7 6. Qd3 Nf6 7. Ndb5 Qb8 8.
Qg3 d6 9. Be3 a6 10. Nd4 h5 11. f3 Bd7 12. Be2 b5 13. O-O Ne5 14. f4 Neg4 15.
h3 h4 16. Qf3 Nxe3 17. Qxe3 b4 18. Nd1 d5 19. Nf2 Bc5 20. e5 Ng8 21. c3 Ne7 22.
Bd3 Qa7 23. Rad1 Rc8 24. Qe2 bxc3 25. bxc3 a5 26. Nb5 Qb6 27. Rb1 Qc6 28. Kh1
g6 29. Ng4 Nf5 30. Bxf5 gxf5 31. Nf6+ Kf8 32. Rfd1 Be8 33. a4 Rh6 34. Rbc1 Rd8
35. c4 d4 36. Rd2 Be7 37. Nxe8 Kxe8 38. Rcd1 Bc5 39. Nxd4 Bxd4 40. Rxd4 Rxd4
41. Rxd4 Rg6 42. Qc2 Rg3 43. Kh2 Qc5 44. Qd2 Kf8 45. Rd8+ Kg7 46. Qd6 Rxh3+ 47.
Kxh3 Qe3+ 48. Kxh4 Qxf4+ 49. Kh3 Qg4+ 50. Kh2 Qh4+ 51. Kg1 Qe1+ 1/2-1/2